000 02807nam a22004694i 4500
999 _c64168
_d64168
001 18519730
003 CO-MdFUSB
005 20180119083847.0
008 150309t2014 enkao b 001 0 eng d
010 _a 2014469196
020 _a9781848934993
020 _a1848934998
020 _z9781781444665
_q(e-book)
040 _aBTCTA
_bspa
_cCO-MdFUSB
_erda
_dCO-MdFUSB
_dUKMGB
_dYDXCP
_dCDX
_dOCLCO
_dZCU
_dEXW
_dOCLCF
_dOCLCQ
_dDLC
041 _aeng
042 _alccopycat
043 _acl-----
082 _224
_aG 215
_bL357l
242 0 0 _aPerspectivas latinoamericanas sobre ciencia y religión
_lInglés
245 0 0 _aLatin American perspectives on science and religion
_c/ editado por Ignacio Silva
_b:
264 1 _aLondon :
_bPickering & Chatto,
_c℗2014.
264 4 _c©2014
300 _axi, 191 páginas :
_bilustraciones ;
_c24 cm.
336 _2rdacontent
_atexto
_btxt
337 _2rdamedia
_asin mediación
_bn
338 _2rdacarrier
_avolumen
_bnc
490 1 _aInternational perspectives on science, culture and society
501 _aIncluye índice (p. 173- 191)
504 _aNotas (p. 147-172)
505 0 _aIntroducción / Ignacio Silva -- Parte I: Cuestiones metodológicas. Mariano Artigas y el puente filosófico entre ciencia y religión / Oscar Beltrán -- Ciencia y religión de la teología de la cultura y la filosofía de la religión de Paul Tillich / Jaime Laurence Bonilla Morales -- Teología de la liberación y ciencia / Juan Alejandro Navarrete Cano -- El historiador entre la fe y relativismo / Luís Corrêa Lima -- Parte II: Cuestiones históricas. El culto a los cielos y su relación con el calendario mesoamericano prehispánico / Jesús Galindo Trejo -- La ciencia jesuita en las misiones de Paraguay y Río de la Plata / Miguel de Asúa -- El darwinismo en la segunda mitad del siglo XIX en latín América / Héctor Velázquez Fernández -- Parte III: Problemas contemporáneos. 'Rescatando a Darwin' en Brasil / Heslley Machado Silva y Eduardo Mortimer -- El debate creacionista / evolucionista, de la ciencia al mito / Eduardo Rodrigues da Cruz -- 'Persona' como noción convergente para la neurociencia, la filosofía y la religión / Juan Francisco Franck -- Indeterminismo y pluralismo en la naturaleza: de la ciencia a la filosofía y la teología / Claudia E. Vanney.
650 7 _aReligión y ciencia
_9259
700 1 _aSilva, Ignacio Alberto,
_eeditor.
830 0 _aInternational perspectives on science, culture and society.
906 _a7
_bcbc
_ccopycat
_d2
_encip
_f20
_gy-gencatlg
942 _cBK